书目信息 |
| 题名: |
橡塑助剂
|
|
| 作者: | 周学良 主编 | |
| 分册: | ||
| 出版信息: | 北京 化学工业出版社 2002.03 |
|
| 页数: | 562页 | |
| 开本: | 20cm | |
| 丛书名: | ||
| 单 册: | ||
| 中图分类: | TQ072-62 | |
| 科图分类: | ||
| 主题词: | 化工产品 , 化工产品:副产品 | |
| 电子资源: | ||
| ISBN: | 7-5025-3444-X | |
| 000 | 00578nam0 2200205 45 | |
| 001 | 0457621940 | |
| 005 | 2004090616002193 | |
| 010 | @a7-5025-3444-X@dCNY 40.00 | |
| 100 | @a20040906d2002 km y0chiy0120 ea | |
| 101 | 0 | @achi |
| 102 | @aCN@b110000 | |
| 200 | 1 | @a橡塑助剂@AXiang Su Zhu Ji@f周学良主编@FZhou Xue Liang Zhu Bian |
| 210 | @a北京@c化学工业出版社@d2002.03 | |
| 215 | @a562页@d20cm | |
| 606 | 0 | @a化工产品 |
| 606 | 0 | @a化工产品:副产品 |
| 690 | @aTQ072-62@v3 | |
| 701 | 0 | @a周学良@AZhou Xue Liang@4主编 |
| 801 | 0 | @aCN@bPFT@c20040906 |
| 905 | @a安徽大学@dTQ072-62@eZ803 | |
| 橡塑助剂/周学良主编.-北京:化学工业出版社,2002.03 |
| 562页;20cm |
| ISBN 7-5025-3444-X:CNY 40.00 |
| ● |
| 相关链接 |
|
|
|
正题名:橡塑助剂
索取号:TQ072-62/Z803
 
预约/预借
| 序号 | 登录号 | 条形码 | 馆藏地/架位号 | 状态 | 备注 |
| 1 | 390047 | 203900476 | 自科库501/501自科库 139排1列3层/ [索取号:TQ072-62/Z803] | 在馆 | |
| 2 | 390048 | 203900485 | 自科二线400A/400A自科库 30排3列2层/ [索取号:TQ072-62/Z803] | 在馆 | |
| 3 | 390049 | 203900494 | 材料与化工学院资料室/ [索取号:TQ072-62/Z803] | 在馆 |